000 00966nam a2200289 a 4500
001 51336
003 BD-RjUL
005 20211209075638.0
008 160830s1960 nyu b 001 0 eng
035 _a(BD-RjUL)51456
040 _aDLC
_cDLC
_dDLC
_dBD-RjUL
_beng
041 _aeng
082 0 0 _223
_a512.4
_bGIR 1960
100 1 _aGillman, Leonard.
_9153549
245 1 0 _aRings of continuous functions /
_cby Leonard Gillman and Meyer Jerison.
260 _aNew York :
_bSpringer-Verlag,
_c c1960.
300 _aix, 300 p. ;
_c25 cm.
504 _aInclude bibliography and index
650 0 _aFunction spaces.
_9153551
650 0 _aFunctions, Continuous.
_9153552
650 0 _aRings (Algebra)
_9153553
650 0 _aIdeals (Algebra)
_9152876
700 1 _aJerison, Meyer,
_d1922-
_ejoint author.
_9153554
830 _aThe university series in higher mathematics.
_9154656
942 _2ddc
_cBK
999 _c51336
_d51336